[Event "Stay Safe Play From Home 346"]
[Site "Emanuel Lasker Arena"]
[Date "2020.07.31"]
[Round "6"]
[White "NTBT_DHS"]
[Black "SoulofWolf"]
[Result "1-0"]
[WhiteElo "2630"]
[BlackElo "2035"]
[Annotator "TA"]
[PlyCount "109"]
[EventDate "2020.07.31"]
[EventType "swiss (blitz)"]

{[%evp 9,109,33,29,28,57,45,75,67,91,43,45,15,33,29,27,13,44,2,58,60,63,78,76,69,100,87,95,77,101,58,49,-33,-30,-38,-19,-47,-48,-33,16,-219,133,141,141,139,136,137,152,129,169,104,100,112,109,102,122,116,148,150,180,136,195,181,209,223,218,220,291,279,395,229,405,404,391,394,461,299,297,-29999,305,197,600,605,614,612,1350,362,575,301,748,714,808,717,29998,1001,29998,1887,29992,866,6632,5302,1654,981]} 1. e4 d5 2. exd5 Qxd5 3. Nc3 Qd8 4. Nf3 Nf6 5. Bc4 e6 6. O-O {B01: Scandinavian Defence.} Nbd7 {[%cal Bb8d7,Bd7b6,Bb6d5][%mdl 32]} 7. d4 Nb6 8. Bb3 {[#] White is better.} h6 $146 ({Predecessor:} 8... Be7 9. Re1 O-O 10. Ne4 Bd7 11. Ne5 Ba4 12. Bxa4 Nxa4 13. c4 Nb6 14. b3 Nbd7 {½-½ (14) Muzychuk,A (2540)-Kuzubov,Y (2626) Neustadt an der Weinstrasse 2009}) 9. Bf4 (9. Ne5 {feels hotter.} Be7 10. Qd3 O-O 11. Rd1 a5 12. a4) 9... Bd6 10. Bg3 Bxg3 11. hxg3 O-O 12. Qe2 Nbd5 13. Rad1 c6 ({Black should play} 13... Nxc3 $11 14. bxc3 b6) 14. Ne4 $14 Nxe4 15. Qxe4 Nf6 16. Qe3 Qd6 17. Ne5 b6 18. c4 Bb7 19. c5 Qe7 20. Nc4 (20. Rc1 $14) 20... Nd5 21. Qe5 bxc5 22. dxc5 Qxc5 23. Rd4 Rae8 24. Nd6 $2 (24. Rg4 $11 f6 25. Qd6 Qxd6 26. Nxd6) 24... Re7 $2 {[#]} (24... f6 $19 25. Nxb7 fxe5 26. Nxc5 exd4) 25. Ne4 $1 $36 {[%cal Re4c5][%mdl 2048] White is really pushing.} ({Don't play} 25. Rg4 f6 $14) (25. Bxd5 cxd5 26. Ne4 (26. Rg4 f6 $17) 26... Qc7 $11) 25... f6 26. Nxc5 fxe5 27. Re4 Rf5 28. Rfe1 Ba8 29. Rxe5 (29. f3 $18) 29... Rxe5 30. Rxe5 Kf7 31. f4 g6 32. Kf2 Kf6 33. Kf3 Kf7 34. Ke4 Kf6 (34... Bb7 $16 35. Kd4 Bc8) 35. g4 $18 Kf7 36. g5 h5 37. g3 a5 38. Kd4 Nc7 (38... Bb7 $142 39. Re1 Bc8) 39. Ne4 (39. Re4 $142) 39... Nb5+ $2 (39... Rd7+ 40. Ke3 Nd5+ 41. Kf2 Bb7) 40. Kc5 Nc7 41. Nd6+ Kg8 42. Kb6 Nd5+ 43. Kxa5 $4 {[%mdl 8192]} (43. Bxd5 $18 cxd5 44. Nb5 (44. Kxa5 d4 $16)) 43... Kf8 $4 {[%mdl 8192]} (43... Ra7# {mates}) 44. Ka6 Nb4+ $2 (44... Rd7) 45. Kb6 Nd5+ 46. Kc5 Rf7 47. Ne4 $2 (47. Bxd5 Ra7 48. Bxe6) 47... Ra7 (47... Ke7 {was worth a try.} 48. Nd6 Rf8) 48. Nf6 Ra5+ $2 (48... Ke7 49. Kd4 Bb7) 49. Kd6 Ra6 50. Rxe6 Nb4 51. Ke5 (51. Re8+ $142 Kg7 52. Rg8#) 51... Ra7 52. Rd6 (52. Re8+ $142 Kg7 53. Rg8#) 52... Re7+ 53. Kd4 (53. Be6 $142 Re8 54. Rd7 Nd3+ 55. Rxd3 Bb7 56. Nh7+ Kg7 57. Rd7+ {[%mdl 64] Double Attack} Kh8 58. Rxb7) 53... Nd5 54. Rd8+ {[%mdl 64] [#] Double Attack} Kf7 55. Rg8 {What a bad dream for Black. Accuracy: White = 44%, Black = 30%.} 1-0

[Event "Stay Safe Play From Home 346"]
[Site "Emanuel Lasker Arena"]
[Date "2020.07.31"]
[Round "6"]
[White "Mepe_Nika"]
[Black "Nuktotitakoi"]
[Result "1-0"]
[WhiteElo "2427"]
[BlackElo "2311"]
[Annotator "TA"]
[PlyCount "127"]
[EventDate "2020.07.31"]
[EventType "swiss (blitz)"]

{[%evp 20,127,30,6,54,25,23,-6,49,23,68,47,69,37,47,12,28,31,22,27,27,20,25,0,0,0,33,31,39,1,2,0,0,-29,-35,-78,-34,-60,-63,-70,-67,-85,-70,-94,-97,-91,-76,-104,-90,-111,-79,-139,-124,-128,0,0,0,0,0,0,5302,5214,2173,6,6,0,0,0,29988,0,278,0,0,0,0,0,29967,29971,6115,0,31,32,54,61,29980,29981,29981,29982,29983,29984,29984,29985,29985,29986,29986,29987,29987,29988,29988,29989,29992,29993,29996,29991,29991,29992,29995,29993,29993,29994]} 1. d4 d6 2. e4 Nf6 3. Bd3 g6 4. c3 Bg7 5. Nf3 c5 6. O-O cxd4 7. cxd4 Nc6 8. Nc3 O-O 9. h3 e5 10. Be3 exd4 11. Nxd4 Re8 {[#] B07: Pirc Defence: Miscellaneous Systems.} 12. Nxc6 $146 (12. Rc1 {feels hotter.} a6 13. Re1 d5 14. exd5 Nb4 15. Bc4) ({Predecessor:} 12. Bc2 Ne5 13. Bb3 a6 14. a4 Ned7 15. Nf3 Ne5 16. a5 Be6 17. Ba4 Nxf3+ 18. Qxf3 Nd7 19. Nd5 Bxd5 20. exd5 {½-½ (62) Cumming,R (2010)-Onley,D (2099) England 2012}) 12... bxc6 13. Qd2 Qc7 ({Black should play} 13... d5 $11 14. exd5 Nxd5) 14. Bh6 Bh8 15. Rad1 Nd7 16. Bb1 Rb8 17. Na4 Nb6 18. Nxb6 Rxb6 19. b3 c5 20. Bf4 {[%cal Rf4d6]} Be5 21. Bxe5 dxe5 22. Bd3 Bb7 23. Bc4 Bxe4 24. Rfe1 Bf5 25. Qg5 Kg7 26. h4 f6 27. Qg3 Be6 28. h5 Bxc4 29. bxc4 Rd6 $36 {[%mdl 2048] Black is pushing.} 30. hxg6 hxg6 31. Rd5 Rxd5 32. cxd5 $17 {[%mdl 4096] Endgame KQR-KQR} c4 33. Rd1 Rd8 34. Qc3 Rd6 35. g3 ({Better is} 35. Qb4) 35... Qc5 36. Qb2 g5 (36... Rd7 $17 37. d6 Qc6) 37. Qb7+ $11 Kg6 38. Qb1+ f5 39. Qb8 Rd7 $2 {[%mdl 8192]} (39... Kg7 $11) 40. Qe8+ $18 {[%mdl 64] [#] Double Attack} Rf7 41. Qxe5 $2 ({White must play} 41. d6 $18 {White threatens d7 and mate.} f4 42. g4) 41... c3 $11 42. Rc1 c2 43. Qe6+ Rf6 $2 {[%mdl 8192]} (43... Kg7 $11) 44. Qe2 $2 (44. Qg8+ {mates} Kh6 45. Kg2 Qxd5+ 46. Qxd5 f4 47. Rxc2 Rg6 48. Rc7 g4 49. gxf4) 44... f4 $2 {[%mdl 8192]} (44... Qxd5 $11 {and Black has nothing to worry.} 45. Qxc2 Ra6) 45. Qxc2+ $2 (45. Qe4+ $18 Kg7 46. Rxc2) 45... Qxc2 46. Rxc2 fxg3 $1 47. fxg3 $18 {Threatens to win with Rc6. KR-KR} Kf5 $2 {[%mdl 8192] [#]} (47... Rf3 $11) 48. Rf2+ $1 Ke5 49. Rd2 $2 ({White has to play} 49. Rxf6 $18 {Threatening mate with Rg6.} Kxf6 50. Kf2) 49... Kd6 50. Kg2 Rf5 51. Kh3 Rxd5 $2 {[%mdl 8192] This costs Black the game.} (51... Rf3 $14) 52. Rxd5+ {White mates.} Kxd5 $14 {KPP-KPP} 53. Kg4 Kc4 54. Kxg5 {KPP-KP} Kc3 55. Kf4 Kb2 56. g4 Kxa2 {KP-KP} 57. g5 a5 58. g6 a4 59. g7 Kb1 60. g8=Q a3 61. Qg1+ Kb2 62. Qf2+ Kb1 63. Qe1+ Kb2 64. Qb4+ {Accuracy: White = 58%, Black = 63%.} 1-0

[Event "Stay Safe Play From Home 346"]
[Site "Emanuel Lasker Arena"]
[Date "2020.07.31"]
[Round "6"]
[White "AChessPlayer"]
[Black "Tolka"]
[Result "1-0"]
[WhiteElo "2407"]
[BlackElo "2251"]
[Annotator "TA"]
[PlyCount "111"]
[EventDate "2020.07.31"]
[EventType "swiss (blitz)"]

{[%evp 15,111,-3,12,8,22,21,45,44,44,30,58,56,60,42,119,110,126,133,119,100,118,116,120,107,195,190,166,207,219,202,185,190,224,-48,-58,-119,-72,-166,-154,-147,-154,-160,-164,-154,-162,-154,-130,-158,-161,-173,-154,-160,-2,-8,-8,-22,-22,-64,0,0,0,0,0,0,0,0,0,0,0,0,0,-68,-68,-68,0,-8,0,-25,0,0,0,0,0,0,0,0,0,0,0,0,0,0,0,0,0,0,0,0]} 1. Nf3 d6 2. g3 Nf6 3. Bg2 g6 4. O-O Bg7 5. d3 O-O 6. Nc3 c5 7. e4 Nc6 8. Be3 Bg4 9. h3 {B25: Closed Sicilian: 3 g3, lines without early Be3.} Bxf3 10. Qxf3 Nd4 11. Qd1 {White is slightly better.} Nd7 12. Qd2 Ne5 13. f4 Nec6 14. Nd1 {[#]} b5 $146 (14... Qa5 $14) ({Predecessor:} 14... Qa5 15. Qxa5 Nxa5 16. Rf2 Rab8 17. c3 Ne6 18. Rb1 Nc6 19. Rd2 Rfc8 20. a3 a5 {0-1 (38) Savicevic,V (2337)-Poleksic,D (1978) Novi Banovci 2020}) 15. c3 $16 Ne6 16. f5 Nc7 17. Bh6 Ne5 18. Bxg7 Kxg7 19. Ne3 b4 (19... Rb8 $16 {was called for.}) 20. d4 $18 (20. cxb4 $6 Rb8 $16) 20... bxc3 21. bxc3 cxd4 22. cxd4 Nd7 23. e5 Rb8 24. f6+ $2 (24. Ng4 $18) 24... exf6 $15 25. Ng4 (25. exf6+ $15 Nxf6 26. Rac1) 25... dxe5 26. Qh6+ (26. dxe5 $17 Ne8 27. Qh6+ Kg8 28. exf6) 26... Kh8 27. dxe5 {And now Rad1 would win.} f5 ({And not} 27... fxe5 28. Rad1 $1 $16 {[%mdl 512]}) 28. Rad1 fxg4 29. Bc6 Ne6 {White must now prevent ...Qb6+.} ({Inferior is} 29... Nxe5 30. Rxd8 Rbxd8 31. Qg5 $11) 30. Bxd7 Qb6+ 31. Kh1 {[#]} gxh3 $1 {( -> ...Qb7+)} 32. Qxh3 Rbd8 33. Bxe6 {[#] Strongly threatening Rxd8.} Qxe6 $2 ({Resist} 33... fxe6 34. Rxd8 Rxd8 35. Qh4 $17) (33... Rxd1 $1 $17 34. Rxd1 fxe6) 34. Qxe6 $11 fxe6 35. Rxf8+ Rxf8 $17 {[%mdl 4096] Endgame KR-KR} 36. Rd7 Rf2 ({Better is} 36... Rf3 $15) 37. Rxa7 $11 Re2 38. a4 Rxe5 39. a5 Re1+ 40. Kg2 Ra1 41. Kf3 Ra4 42. g4 h6 43. g5 (43. Kg3 $11) 43... hxg5 $15 44. Kg3 g4 ({Black should play} 44... Kg8 $15) 45. a6 g5 46. Kg2 e5 47. Kg3 {The position is equal.} e4 48. Kxg4 e3+ 49. Kxg5 e2 50. Re7 Ra5+ 51. Kf4 Rxa6 52. Rxe2 Rh6 53. Kg5 Kg7 54. Re7+ Kf8 55. Ra7 Rb6 56. Ra8+ {[%mdl 32768] And White is the lucky defender. Accuracy: White = 74%, Black = 72%. . Loss on time!?} 1-0

[Event "Stay Safe Play From Home 346"]
[Site "Emanuel Lasker Arena"]
[Date "2020.07.31"]
[Round "6"]
[White "Little champs"]
[Black "Trotsky"]
[Result "1-0"]
[WhiteElo "2156"]
[BlackElo "1564"]
[Annotator "TA"]
[PlyCount "55"]
[EventDate "2020.07.31"]
[EventType "swiss (blitz)"]

{[%evp 9,55,0,33,0,4,-10,24,4,13,0,0,-39,0,0,-10,-36,-10,-186,-172,-228,-69,-260,-253,-273,572,566,562,168,854,364,847,752,846,845,838,836,839,800,843,794,994,982,1006,951,1056,1040,1600,1507]} 1. d4 d5 2. e3 e6 3. Nf3 c5 4. dxc5 Bxc5 5. c4 Nc6 6. cxd5 {D02: 1 d4 d5 2 Nf3 sidelines, including 2...Nf6 3 g3 and 2...Nf6 3 Bf4.} exd5 7. Nc3 Be6 8. Be2 {White has an edge.} a6 9. O-O Nf6 {[#]} 10. Ng5 $146 ({Predecessor:} 10. b3 Rc8 11. Bb2 O-O 12. Rc1 Qe7 13. Na4 Ba7 14. Nd4 Nxd4 15. exd4 Rxc1 16. Qxc1 {½-½ (24) Brisson,P (2088)-Thew,B (2095) ICCF email 2012}) 10... Qc7 11. Nxe6 fxe6 12. f4 h5 13. f5 $2 (13. Kh1 $11 {and White has nothing to worry.}) 13... O-O-O $19 14. fxe6 {[#]} (14. Na4 {was called for.} Bd6 15. fxe6) 14... Ng4 $2 (14... d4 $1 $19 {[%cal Rd4c3]} 15. Na4 dxe3 {[%mdl 64] Discovered Attack}) 15. Bxg4 $2 (15. g3 $1 $15) 15... hxg4 16. g3 Rh3 $4 {[%mdl 8192]} (16... d4 $19 {and life is good for Black.} 17. Rf7 Ne7) 17. Qxg4 $18 Rdh8 {Threatens to win with ...Ne5.} 18. e7+ $2 (18. Nxd5 Ne5 19. Qxh3 Rxh3 20. Nxc7 Kxc7 21. Rf5) 18... Kb8 $2 {[#]} (18... Qd7 19. Rf8+ (19. Qxg7 Bxe7 20. Rf2 d4 $11) 19... Rxf8 20. Qxd7+ (20. exf8=R+ Bxf8 21. Qxd7+ Kxd7 $16) 20... Kxd7 21. exf8=B (21. exf8=R Bxf8 22. Nxd5 Rh5 $16) 21... Bxf8 22. Nxd5 Rh5) 19. Nxd5 (19. Qxh3 $142 $1 {[%mdl 512]} Rxh3 20. e8=Q+ Qc8 21. Qxc8+ Kxc8 22. Rf7) 19... Qd6 $2 {[#]} (19... Qc8 20. Rf8 {[%mdl 64] Promotion} Rxf8 21. exf8=R Bxf8 22. Qf4+ Ka7) 20. Rf8+ $1 {[%mdl 64] Deflection, Promotion. White is clearly winning.} Rxf8 21. exf8=Q+ Qxf8 22. Qxh3 Ne5 23. Nf4 Nf3+ 24. Kg2 Ng5 25. Qg4 Ne4 26. Qf3 Ng5 27. Qd5 Qh8 28. Qxg5 {Accuracy: White = 32%, Black = 22%.} 1-0

[Event "Stay Safe Play From Home 346"]
[Site "Emanuel Lasker Arena"]
[Date "2020.07.31"]
[Round "6"]
[White "Hickey"]
[Black "Mw testing"]
[Result "1-0"]
[WhiteElo "2029"]
[BlackElo "1646"]
[Annotator "TA"]
[PlyCount "29"]
[EventDate "2020.07.31"]
[EventType "swiss (blitz)"]

{[%evp 16,29,0,0,0,0,0,0,53,61,113,61,54,37,478,480]} 1. g3 g6 2. Bg2 Bg7 3. Nf3 e5 4. O-O d5 5. d3 Nc6 6. e4 Nf6 7. exd5 Nxd5 8. Re1 O-O 9. Nc3 {Threatening Nxd5.} Nxc3 {A07: Réti Opening: New York and Capablanca Systems.} 10. bxc3 Bg4 11. h3 {[#]} Bxf3 $146 ({Black should play} 11... Be6 $11) ({Predecessor:} 11... Be6 12. Bb2 h6 13. d4 exd4 14. cxd4 Bd5 15. c3 Qd6 16. Qa4 b5 17. Qa6 Bxf3 18. Bxf3 Nxd4 {0-1 (39) Shlyakhtenko,R (2206)-Ke,I (2332) San Jose 2019}) 12. Qxf3 $14 Qd7 (12... e4 $14 13. dxe4 Qf6) 13. Bd2 (13. Rb1 $16) 13... Rad8 14. Rab1 b6 $2 {[%mdl 8192] [#]} (14... Na5 $1 $14) 15. Qxc6 1-0

[Event "Stay Safe Play From Home 346"]
[Site "Emanuel Lasker Arena"]
[Date "2020.07.31"]
[Round "6"]
[White "Haris kollari 13"]
[Black "Edmatuag"]
[Result "0-1"]
[WhiteElo "1711"]
[BlackElo "1721"]
[Annotator "NA"]
[PlyCount "62"]
[EventDate "2020.07.31"]
[EventType "swiss (blitz)"]

1. e4 {[%emt 0:00:01]} d6 {[%emt 0:00:01]} 2. f4 {[%emt 0:00:01]} c6 {[%emt 0:00:00]} 3. Nf3 {[%emt 0:00:01]} Nd7 {[%emt 0:00:00]} 4. d4 {[%emt 0:00:01]} Qc7 {[%emt 0:00:00]} 5. c3 {[%emt 0:00:01]} g6 {[%emt 0:00:00]} 6. Bd3 {[%emt 0:00:01]} e5 {[%emt 0:00:00]} 7. Be3 {[%emt 0:00:02]} Bg7 {[%emt 0:00:01]} 8. Nbd2 {[%emt 0:00:01]} Nh6 {[%emt 0:00:01]} 9. h3 {[%emt 0:00:02]} O-O {[%emt 0:00:01]} 10. Nb3 {[%emt 0:00:02]} f5 {[%emt 0:00:01]} 11. Qd2 {[%emt 0:00:02]} fxe4 {[%emt 0:00:02]} 12. Bxe4 {[%emt 0:00:02]} d5 {[%emt 0:00:00]} 13. fxe5 {[%emt 0:00:03]} dxe4 {[%emt 0:00:01]} 14. Bxh6 {[%emt 0:00:01]} exf3 {[%emt 0:00:02]} 15. Bxg7 {[%emt 0:00:01]} fxg2 {[%emt 0:00:01]} 16. Qxg2 {[%emt 0:00:04]} Kxg7 {[%emt 0:00:02]} 17. O-O-O {[%emt 0:00:02]} Nb6 {[%emt 0:00:03]} 18. h4 {[%emt 0:00:01]} Bf5 {[%emt 0:00:01]} 19. h5 {[%emt 0:00:01]} Nc4 {[%emt 0:00:01]} 20. Rde1 {[%emt 0:00:03]} a5 {[%emt 0:00:05]} 21. Qh2 {[%emt 0:00:01]} g5 {[%emt 0:00:04]} 22. h6+ {[%emt 0:00:05]} Kh8 {[%emt 0:00:01]} 23. Qh5 {[%emt 0:00:01]} Qf7 {[%emt 0:00:05]} 24. Qxg5 {[%emt 0:00:01]} Qg6 {[%emt 0:00:01]} 25. Qe3 {[%emt 0:00:03]} Nxe3 {[%emt 0:00:03]} 26. Re2 {[%emt 0:00:01]} a4 {[%emt 0:00:01]} 27. Nc5 {[%emt 0:00:03]} Nd5 {[%emt 0:00:01]} 28. e6 {[%emt 0:00:02]} Qg5+ {[%emt 0:00:01]} 29. Rd2 {[%emt 0:00:05]} a3 {[%emt 0:00:03]} 30. e7 {[%emt 0:00:04]} axb2+ {[%emt 0:00:02]} 31. Kd1 {[%emt 0:00:02]} Rfe8 {[%emt 0:00:01] Time (Lag: Av=0.54s, max=0.7s)} 0-1

[Event "Stay Safe Play From Home 346"]
[Site "Emanuel Lasker Arena"]
[Date "2020.07.31"]
[Round "7"]
[White "NTBT_DHS"]
[Black "SelamiSahin"]
[Result "0-1"]
[WhiteElo "2631"]
[BlackElo "2083"]
[Annotator "TA"]
[PlyCount "126"]
[EventDate "2020.07.31"]
[EventType "swiss (blitz)"]

{[%evp 9,125,-16,-11,-16,-14,-22,-24,-27,0,-42,10,15,9,10,10,0,22,-50,38,35,44,10,40,-82,-24,-77,-60,-100,-16,-35,0,-51,0,-64,-57,-71,-43,-71,-5,-15,-4,-19,0,-78,-70,-49,0,-12,-12,-30,-37,-35,-41,-50,-51,-71,-76,-83,-50,-54,-39,-40,0,-39,-45,-46,-46,-137,-54,-138,-138,-138,-138,-374,-32,-32,-25,-25,-25,-25,-25,-25,-25,-25,-25,-25,-25,-64,-64,-147,-147,-147,-147,-147,-147,-147,-147,-236,-236,-236,-236,-236,-236,-236,-236,-236,-236,-236,-236,-236,-236,-236,-236,-12850,-29998,-12851,-27999,-29999]} 1. e4 c6 2. Nf3 d5 3. exd5 cxd5 4. d4 Nc6 5. Nc3 Bg4 6. Bf4 {B13: Caro-Kann: Exchange Variation and Panov-Botvinnik Attack.} e6 7. Bb5 Bb4 8. O-O {Black has an edge.} Nf6 {[#]} 9. Na4 $146 ({Predecessor:} 9. Qd3 O-O 10. Bxc6 Bxc3 11. Qxc3 Rc8 12. Ne5 Ne4 13. Qd3 bxc6 14. Nxg4 Qh4 15. Qh3 Qxh3 16. gxh3 {1-0 (29) Kubikova,A-Tyle,J Klatovy 1997}) 9... Qa5 (9... Rc8 $15) 10. Bxc6+ $1 $11 bxc6 11. c3 Be7 12. b4 Qa6 13. h3 (13. Nc5 $11 Bxc5 14. bxc5) 13... Bh5 (13... Bxf3 $1 $15 14. gxf3 O-O) 14. Nc5 Bxc5 15. dxc5 Ne4 16. g4 (16. Qe1 $14 {keeps the upper hand.}) 16... Bg6 (16... Nxc3 $17 17. Qd2 Ne2+ 18. Kg2 Nxf4+ 19. Qxf4 Bg6) 17. Qd4 (17. Nd4 $11) 17... O-O 18. Nd2 {[#]} Nxd2 (18... f6 $1 $17 {...e5 is the strong threat.} 19. Nxe4 e5) 19. Qxd2 Qc4 20. Rfe1 ({White should try} 20. Qd4 $11) 20... Rfe8 (20... a5 $15) 21. Be5 (21. Qd4 $11) 21... f6 $15 22. Bd6 e5 23. Re3 Rad8 (23... d4 $17 24. cxd4 exd4) 24. Rae1 $11 a6 25. a4 h5 26. Rg3 (26. Qe2 $11) 26... h4 $36 {[%mdl 2048] Black has the initiative.} 27. Rge3 Be4 28. f3 Bg6 29. Qf2 (29. Qe2 {keeps more tension.} Qf4 30. Qf2 Rd7 31. a5 Rb7 32. Qh2) 29... d4 30. cxd4 exd4 31. Rxe8+ Rxe8 32. Rxe8+ Bxe8 33. Qd2 d3 34. Bf4 Bg6 35. Kf1 Qd4 36. Be3 Qa1+ 37. Kf2 Qxa4 38. f4 {[#]} (38. Qe1 $15) 38... Be4 ({Better is} 38... Qc2 $1 $17 39. Qxc2 dxc2) 39. f5 (39. Qe1 $1 $15) 39... Qc2 40. Qxc2 dxc2 {[%mdl 4096] Endgame KB-KB} 41. Ke2 $2 (41. Bf4 $17 {is a better defense.}) 41... g6 $2 ({Black should play} 41... Bg2 $19 {And now ...Kf7 would win.} 42. Kf2 Bxh3) 42. fxg6 $15 Bxg6 43. Kd2 f5 44. gxf5 Bxf5 45. Bg5 Bxh3 46. Bxh4 Bf5 47. Bd8 Kf7 48. Kc1 Ke6 49. Ba5 {White is now going downhill.} (49. Bh4 $15) 49... Kd5 $17 50. Kb2 Kc4 51. Kc1 Kb3 52. Bc7 Kxb4 53. Bb6 (53. Kb2 $17 {might work better.}) 53... a5 $19 54. Kb2 a4 {( -> ...a3+)} 55. Bc7 a3+ (55... Kxc5 $2 56. Bf4 $19) 56. Kc1 Kb3 57. Be5 a2 58. Bd4 Kc4 59. Ba1 Kxc5 60. Be5 Kb4 61. Kb2 $2 {[#]} (61. Bg7) 61... a1=Q+ $1 {[%mdl 64] Deflection, Decoy, Promotion} 62. Kxa1 c1=Q+ 63. Ka2 Be6# {Accuracy: White = 50%, Black = 64%.} 0-1

[Event "Stay Safe Play From Home 346"]
[Site "Emanuel Lasker Arena"]
[Date "2020.07.31"]
[Round "7"]
[White "Nuktotitakoi"]
[Black "Edmatuag"]
[Result "1-0"]
[WhiteElo "2299"]
[BlackElo "1737"]
[Annotator "TA"]
[PlyCount "51"]
[EventDate "2020.07.31"]
[EventType "swiss (blitz)"]

{[%evp 9,50,56,81,50,96,91,244,214,210,196,242,247,246,249,239,199,304,207,325,329,581,580,564,477,916,916,1075,1045,975,677,671,666,747,723,808,746,29978,29979,29958,5445,29997,29998,29999]} 1. e4 d6 2. Nc3 c6 3. Nf3 Nd7 4. d4 g6 5. Be2 Bg7 {[#]} 6. h4 $146 {B06: Modern Defence.} ({Predecessor:} 6. O-O e5 7. dxe5 dxe5 8. Bc4 Ngf6 9. a4 O-O 10. h3 h6 11. a5 Qe7 12. b3 Rd8 13. Ba3 Qe8 14. Qc1 b5 15. axb6 axb6 16. Bd6 Bb7 17. Rxa8 Rxa8 18. b4 {½-½ (70) Papp,G (2598)-Movsziszian,K (2485) Benasque 2017}) 6... e5 7. h5 Ndf6 $2 {[#]} (7... Ngf6 $16) 8. h6 {White is clearly better.} Bf8 9. dxe5 dxe5 10. Qxd8+ ({But not} 10. Nxe5 $6 Qxd1+ 11. Bxd1 Nd7) 10... Kxd8 11. Nxe5 Be6 12. f4 Kc7 (12... Bxh6 $142 13. Be3 Bg7 14. O-O-O+ Ke8) 13. Be3 Nxh6 (13... Nd7 {is a better defense.} 14. Nxd7 Bxd7) 14. f5 $18 Nhg4 $2 (14... Nxf5 15. exf5 gxf5) 15. Nxg4 Nxg4 16. Bf4+ Kb6 (16... Bd6 $142 17. Bxd6+ Kxd6 18. Bxg4 h5 19. O-O-O+ Ke5) 17. fxe6 f5 18. exf5 gxf5 19. Bxg4 fxg4 20. O-O-O Bb4 21. Na4+ Ka5 22. c3 b5 23. cxb4+ Kxa4 24. Bd6 {[#] Intending Rd3 and mate.} Rae8 25. Rd3 {[%csl Gb2][%cal Rd3a3]} h5 26. Ra3# {Black did not feel at home in the position after the opening. Accuracy: White = 65%, Black =  8%.} 1-0

[Event "Stay Safe Play From Home 346"]
[Site "Emanuel Lasker Arena"]
[Date "2020.07.31"]
[Round "7"]
[White "Tolka"]
[Black "Mepe_Nika"]
[Result "1-0"]
[WhiteElo "2241"]
[BlackElo "2439"]
[Annotator "TA"]
[PlyCount "89"]
[EventDate "2020.07.31"]
[EventType "swiss (blitz)"]

{[%evp 13,89,-8,0,-18,7,-16,-8,-7,-6,-48,0,0,0,0,7,0,0,0,16,0,10,0,106,101,321,310,2077,2227,2228,2237,2158,2156,1985,1513,2113,2099,29985,2102,29993,29988,2846,-210,-190,-249,-243,-232,-222,-309,-308,-291,-48,-314,-314,-390,-390,-384,-384,-29979,-29980,-29979,-29980,-29986,-29987,-29986,-29982,-29982,-29981,-29984,-29985,-29987,-29988,-29990,-29990,-29990,-29988,-29988,-29986,-29987]} 1. e4 c6 2. Nf3 d5 3. exd5 cxd5 4. d4 Nc6 5. Bd3 Bg4 6. c3 e6 7. Nbd2 Nf6 8. Nf1 {B13: Caro-Kann: Exchange Variation and Panov-Botvinnik Attack.} Bd6 9. h3 Bh5 10. Ng3 {The position is equal.} Bg6 {[#]} 11. Bg5 $146 ({Predecessor:} 11. Bxg6 hxg6 12. Bg5 Qc7 13. Bxf6 gxf6 14. Ne2 b5 15. Qd3 Rb8 16. O-O Kf8 17. b4 {1-0 (41) Buksa,N (2410)-Gvanceladze,A (2264) St Petersburg 2018}) 11... Be7 12. O-O Bxd3 13. Qxd3 h6 14. Bf4 O-O 15. Rfe1 Nd7 16. a4 a6 17. Qd2 Rc8 {[#]} (17... Re8 $11 {keeps the balance.}) 18. Bxh6 $1 $16 {[%mdl 512]} gxh6 $2 (18... Re8 $16 {might work better.}) 19. Qxh6 $18 {White threatens Nh5 and mate.} Bf6 $2 {[#]} (19... Re8) 20. Nh5 $1 {Intending Ng5! and mate.} Bh8 21. Ng5 Qxg5 22. Qxg5+ Kh7 23. Qh4 {White wants to mate with Nf6+!} Rg8 24. Nf6+ {[%mdl 64] Double Attack} Kg7 25. Nxd7 (25. Qg5+ $142 Kf8 26. Nxd7+ Ke8 27. Qxg8+ {[%mdl 64] Double Attack} Ke7 28. Qxc8 Nd8 29. Nb6 Bf6 30. Nxd5+ Kf8 31. Nxf6) 25... f5 26. Re3 Kf7 27. Qf6+ $4 {[%mdl 8192]} (27. Rae1 $18 Rg6 {[#]} 28. Qh5 $1 {[%mdl 512]}) 27... Bxf6 $19 28. Nxf6 (28. Nc5 $142) 28... Kxf6 29. Rae1 Rce8 30. f4 Rg6 31. Kf2 Reg8 $2 (31... Na5 $19 {And now ...Nc4 would win.} 32. R3e2 Nc4) 32. Rg1 $2 {[%mdl 8192]} ({White has to play} 32. Rxe6+ $15 Kf7 33. Rxg6 Rxg6 34. h4) 32... Kf7 33. g4 fxg4 34. hxg4 Rxg4 35. f5 $2 (35. Rxg4 $19 Rxg4 36. Rh3) 35... Rxg1 {Black mates.} 36. fxe6+ Ke7 37. Rf3 R1g2+ 38. Ke3 R2g3 39. Rxg3 Rxg3+ 40. Kf4 Rg2 41. Kf3 Rxb2 42. c4 Rb3+ 43. Kf4 Rc3 44. cxd5 {[#]} Rc4 $1 45. d6+ {[%mdl 32768] What a bad dream for White. Accuracy: White = 56%, Black = 57%. . Loss on time!?} 1-0